| 000 | 00414nam a2200169Ia 4500 | ||
|---|---|---|---|
| 003 | 0STCL | ||
| 008 | 150530s9999 xx 000 0 und d | ||
| 040 |
_aSTCL _cSTCL |
||
| 100 | _aRandhawa, G.S.; Singh, R.K.N. | ||
| 245 | _aLozuat in India | ||
| 250 | _aFirst | ||
| 260 |
_bIndian Council of Agricultural Research _c1970 |
||
| 546 | _aEnglish | ||
| 942 |
_2ddc _cBK |
||
| 999 |
_c36588 _d36588 |
||
| 005 | 20220125170405.0 | ||